It looks like you're offline.
Open Library logo
additional options menu

MARC Record from marc_columbia

Record ID marc_columbia/Columbia-extract-20221130-006.mrc:400199367:1341
Source marc_columbia
Download Link /show-records/marc_columbia/Columbia-extract-20221130-006.mrc:400199367:1341?format=raw

LEADER: 01341cam a2200325 a 4500
001 2857427
005 20221013025235.0
008 760315t19421942nyu 000 1 eng
010 $a 42007971
035 $a(OCoLC)ocm02050398
035 $9ARY1931CU
035 $a(NNC)2857427
035 $a2857427
040 $aDLC$cGGC$dGGC$dOCL$dKSU$dTXP$dPIT$dOCL$dZCU
041 1 $aeng$hrus
050 00 $aPZ3.T844$bFa21
082 0 $a891.73
099 $a891.7T84$aQ58
100 1 $aTurgenev, Ivan Sergeevich,$d1818-1883.$0http://id.loc.gov/authorities/names/n79144981
240 10 $aOtt︠s︡y i deti.$lEnglish$0http://id.loc.gov/authorities/names/n83140608
245 10 $aFathers and sons /$cIvan S. Turgenev ; translation by Constance Garnett ; revised and edited by Lucy M. Cores.
260 $aNew York :$bPublished for the Classics Club by W. J. Black,$c[1942], ©1942.
300 $axxvii, 345 pages ;$c20 cm.
336 $atext$btxt$2rdacontent
337 $aunmediated$bn$2rdamedia
490 1 $aClassics club library
700 1 $aGarnett, Constance,$d1861-1946.$0http://id.loc.gov/authorities/names/n50015174
700 1 $aCores, Lucy Michaella,$d1914-$0http://id.loc.gov/authorities/names/n79115414
830 0 $aClassics Club library (New York, N.Y.)$0http://id.loc.gov/authorities/names/no2012082227
852 80 $bglx$h891.7T84$iQ58